La Asociación General de Estudiantes Latinoamericanos de París (1925-1933) /
El autor presenta una reseña histórica y analiza la fundación, desarrollo y extinción de la Asociación General de Estudiantes Latinoamericanos de París (1925-1933) y, en especial, su postura anti-imperialista. En esta asociación tuvieron muy activa participación intelectuales centroamericanos. La AG...
Kaydedildi:
| Yazar: | |
|---|---|
| Materyal Türü: | Metin |
| Konular: | |
| Etiketler: |
Etiketle
Etiket eklenmemiş, İlk siz ekleyin!
|
MARC
| LEADER | 00000 a a2200000 04500 | ||
|---|---|---|---|
| 001 | 997 | ||
| 003 | |||
| 040 | |||
| 100 | |a Taracena Arriola, Arturo | ||
| 245 | |a La Asociación General de Estudiantes Latinoamericanos de París (1925-1933) / |c Arturo Taracena Arriola | ||
| 520 | |a El autor presenta una reseña histórica y analiza la fundación, desarrollo y extinción de la Asociación General de Estudiantes Latinoamericanos de París (1925-1933) y, en especial, su postura anti-imperialista. En esta asociación tuvieron muy activa participación intelectuales centroamericanos. La AGELA fue fundada en una coyuntura de post-guerra que hizo atravesar el Atlántico a decenas de latinoamericanos pertenecientes a la burguesía y a las capas medias con el propósito de irse a radicar a París, Londres, Madrid o Berlín unos enviados por sus padres para realizar estudios superiores, otros atraídos por el clima político e intelectual que creó el triunfo aliado y la revolución bolchevique y otros más, ya desde esa época, empujados por las circunstancias del exilio. De esa forma coincidió en la capital francesa un grupo representativo de la juventud latinoamericana nacida entre 1885 y 1906 que, en su búsqueda del saber, descubrió la América y tomó conciencia de sus males. En detalle el autor estudia: los antecedentes de la AGELA, la fundación, las primeras actividades, el papel antimperialista, la AGELA y el Congreso Antimperialista de Bruselas, sus tendencias ideológicas, la vigilancia policíaca, y por último, su extinción. HB/HMBQ | ||
| 650 | |a ESTUDIANTES | ||
| 650 | |a IDEOLOGIAS | ||
| 650 | |a GUERRA | ||
| 650 | |a PAZ | ||
| 650 | |a IMPERIALISMO | ||
| 650 | |a HISTORIA | ||
| 650 | |a ASPECTOS SOCIALES | ||
| 650 | |a ASPECTOS POLITICOS | ||
| 650 | |a PUB.IIS | ||
| 773 | |g volumen 15, número 2; páginas 61-80 | ||
| 999 | |c 27922 |d 27922 | ||
| 773 | 0 | |0 18765 |9 4972 |a Universidad de Costa Rica. |d San José, Costa Rica: Editorial Universidad de Costa Rica, 1974- |o MFN: 1874 |t Anuario de Estudios Centroamericanos / |x 03777316 | |
